000 00957nam a2200229Ia 4500
003 Ost
005 20260507075601.0
008 260507s9999||||xx |||||||||||||| ||und||
040 _cfsecg
041 _aara
082 _a330
100 _aجبلر، مالكولم
_eمؤلف
245 0 _aاقتصاديات التنمية /
_c مالكولم جبلر
260 _aالرياض:
_bدار المريخ للنشر,
_c1995
300 _a909 صفحة؛
_bإيضاحات ؛
_c24 سم
520 _aالنظرية و الانماط, الموارد البشرية اضافة الى الموارد الراسمالية و كذا التجارة و التنمية و اخيرا القطاعات ( زراعة, صناعة ).
653 _aاقتصاديات التنمية
653 _aالتجارة - تنمية
653 _aالتنمية الاقتصادية
700 _aرومر، مايكل وآخرون
_eمؤلف ثانوي
942 _cكتاب
999 _c45005
_d45005